| 000 | 01562cam a2200253 4500500 | ||
|---|---|---|---|
| 005 | 20260322004930.0 | ||
| 041 | _afre | ||
| 042 | _adc | ||
| 100 | 1 | 0 |
_aTrenta, Arnaud _eauthor |
| 245 | 0 | 0 | _aReconciling work and caring for a dependent relative: Public and contractual support schemes for employed carers |
| 260 | _c2023. | ||
| 500 | _a83 | ||
| 520 | _aThe French Federative Association of Psychiatry Students (AFFEP) formed a new associative board in October 2021. Various missions accompany this renewal, including the reform and construction of the psychiatry internship model, the continuation of the “Choisir psychiatrie” survey, the maintenance of our role as the national point of reference for psychiatry interns, commitment to our magazine Psy Déchaîné, and the creation of attractive digital content. This roadmap also reaffirms the values that we defend through these missions: federation, cooperation, representation, and diversity. Finally, the AFFEP will unveil this new team and enthusiastically invite you to join our organization. | ||
| 690 | _aaccords d’entreprise | ||
| 690 | _aaction publique | ||
| 690 | _aaidants | ||
| 690 | _aaidants salariés | ||
| 690 | _aconciliation vie professionnelle et aide à un proche | ||
| 690 | _adroit du travail | ||
| 690 | _aemploi | ||
| 690 | _arégulations conventionnelles | ||
| 786 | 0 | _nInformations sociales | o 208 | 4 | 2023-05-03 | p. 70-78 | 0046-9459 | |
| 856 | 4 | 1 | _uhttps://shs.cairn.info/journal-informations-sociales-2022-4-page-70?lang=en&redirect-ssocas=7080 |
| 999 |
_c1744200 _d1744200 |
||